Taylor Swift - Devine les chansons par leurs 1ère phrases #13 - Statistiques

Statistiques générales
  • Ce quiz a été pris 110 fois
  • Le résultat moyen est 6 sur 15
Statistiques - réponses
Hint Réponse % Correct
Our secret moments in your crowded room Dress
76%
Saying goodbye is *** Death By a Thousand Cuts
75%
Green was the color of the grass invisible string
67%
Drowning in the Blue Nile Guilty as Sin?
60%
Lilac short skirt Imgonnagetyouback
57%
You were in college, working part-time waiting tables Mine
56%
Flamant rose, boulevard Sunrise « Slut! »
56%
I know I'm probably better off on my own Better Man
38%
I spy with my little tired eye, tiny as a firefly Sweet Nothing
36%
I bet I Almost Do
22%
Hit the ground, hit the ground, hit the ground, oh, oh Sweeter Than Fiction
22%
Cory's eyes are like a jungle Stay Beautiful
18%
Last night I heard my own heart beating If This Was a Movie
15%
It's been a long time Closure
11%
Once the last drop of rain has dried off the pavement You All Over Me
9%
Aucun quiz correspondant
Distribution des résultats
% des personnes avec chaque résultat
Percentile par nombre de réponses
Votre historique - résultats
Vous n’avez pas pris ce quiz